| 000 | 00428nam a2200145Ia 4500 | ||
|---|---|---|---|
| 008 | 210210b1968 xxu||||| |||| 00| 0 eng d | ||
| 082 | _a954.011 WHEI | ||
| 100 | _aWHEELER (Mortimer). | ||
| 245 | _aIndus civilization supplement volume to the cambridge history of India. Ed 3. | ||
| 250 | _a | ||
| 260 |
_aCambridge. _bCambridge University Press _c1968 |
||
| 300 | _axi,143,xxxiv | ||
| 690 | _aIndian History | ||
| 906 | _a026837 | ||
| 999 |
_c78144 _d78144 |
||